Köpek Yılları : Öyküler (Record no. 2269)

000 -LEADER
fixed length control field 00513nam a22001817a 4500
008 - FIXED-LENGTH DATA ELEMENTS--GENERAL INFORMATION
fixed length control field 180703b xxu||||| |||| 00| j tur d
020 ## - INTERNATIONAL STANDARD BOOK NUMBER
International Standard Book Number 975494752X
041 ## - LANGUAGE CODE
Language code of text/sound track or separate title Türkçe
050 ## - LIBRARY OF CONGRESS CALL NUMBER
Classification number PL248.E689
100 ## - MAIN ENTRY--PERSONAL NAME
9 (RLIN) 340
Personal name Ahmet Erhan
245 ## - TITLE STATEMENT
Title Köpek Yılları : Öyküler
250 ## - EDITION STATEMENT
Edition statement 1.Basım
260 ## - PUBLICATION, DISTRIBUTION, ETC.
Place of publication, distribution, etc. Ankara
Name of publisher, distributor, etc. Bilgi Yayınları
Date of publication, distribution, etc. Temmuz 1998
300 ## - PHYSICAL DESCRIPTION
Extent 154 Sayfa
500 ## - GENERAL NOTE
General note Bilgi Yayınları / Yeni Dizi : 46
Ahmet Erhan : 9
650 #0 - SUBJECT ADDED ENTRY--TOPICAL TERM
9 (RLIN) 145
Topical term or geographic name entry element Türk Edebiyatı
942 ## - ADDED ENTRY ELEMENTS (KOHA)
Source of classification or shelving scheme
Koha item type Books
Holdings
Withdrawn status Lost status Source of classification or shelving scheme Damaged status Not for loan Permanent Location Current Location Shelving location Date acquired Full call number Barcode Date last seen Price effective from Koha item type
        Ödünç verilemez İmren Ahmet Tüzün Kütüphanesi İmren Ahmet Tüzün Kütüphanesi Ahmet Tüzün 2018-07-03 PL248.E689 100100002232 2018-07-03 2018-07-03 Books

This software was implemented, installed and managed by Devinim Software Training Consulting .